00372 2200145 4500001002100000005001500021035002000036245005100056100002600107300001200133260004300145082001000188084001600198990001200214INLIS00000000000166620250429101554 a0010-04250000821 aKamus Ideal Bergambar /cYudhistira Ikranegara0 aYudhistira Ikranegara a128 hlm aJakarta :bMediantara Indonesia,c2010 a400.3 a400.3 YUD k a0754674